000 01154nam a22002537a 4500
003 DO-SdBNP
005 20220510081546.0
007 ta
008 220211b2019 dr a|||| |||| 00| 0 spa d
020 _a9789945220254
040 _aDO-SdBNP
_bspa
_cBNPHU
082 4 _222
100 _943393
_aSalcedo, Lino
245 1 0 _aYatny en la escuela feliz /
_cLino Salcedo ; corrección Lissania Salcedo ; ilustraciones Rafael Leónidas Laureano.
260 _aSanto Domingo :
_bBúho,
_c2019.
300 _a93 p. :
_bil. ;
_c19 cm.
500 _aIncluye datos biográficos del autor en la página 93
505 0 _aCapítulo 1--
_tMiedo a la escuela --
_gCapítulo II--
_t¡Bienvenida Yatny! --
_gCapítulo III--
_tCuando sea grande yo quiero ser --
_gCapítulo IV--
_tLa competencia --
_gCapítulo V--
_tLa mascota de Yatny --
_gCapítulo VI--
_t¡Vamos al zoológico! --
_gCapítulo VII--
_tSaca el genio que hay en ti --
_gCapítulo VIII--
_t¡Vacaciones! --
_tSobre el autor.
590 _aInventariado, 2022 /LP
700 1 _aSalcedo, Lissania,
_ecorr.
_981220
700 1 _aLaureano, Rafael Leónidas,
_eil.
_981221
910 _aLopérez.
942 _2ddc
_cLBS1
999 _c51415
_d51415